<?xml version="1.0" encoding="UTF-8"?>
<record
    xmlns:xsi="http://www.w3.org/2001/XMLSchema-instance"
    xsi:schemaLocation="http://www.loc.gov/MARC21/slim http://www.loc.gov/standards/marcxml/schema/MARC21slim.xsd"
    xmlns="http://www.loc.gov/MARC21/slim">

  <leader>01440nam a22002297a 4500</leader>
  <controlfield tag="003">BPK</controlfield>
  <controlfield tag="005">20160212105219.0</controlfield>
  <controlfield tag="008">160212b1983    pl ||||| |||| 00| 0 pol  </controlfield>
  <datafield tag="040" ind1=" " ind2=" ">
    <subfield code="c">BPK</subfield>
  </datafield>
  <datafield tag="080" ind1=" " ind2=" ">
    <subfield code="a">633.49</subfield>
  </datafield>
  <datafield tag="100" ind1=" " ind2=" ">
    <subfield code="a">DZIERBANOWICZ, Henryk.</subfield>
    <subfield code="d">1976 - 1985.</subfield>
    <subfield code="b">Wy&#x17C;sza Szko&#x142;a In&#x17C;ynierska w Koszalinie - Wydzia&#x142; Mechaniczny,</subfield>
    <subfield code="c">Zak&#x142;ad Termodynamiki i Ch&#x142;odnictwa</subfield>
  </datafield>
  <datafield tag="245" ind1=" " ind2=" ">
    <subfield code="a">Propozycje rozwi&#x105;za&#x144; przechowalni ziemniak&#xF3;w dla potrzeb gospodarstw indywidualnych /</subfield>
    <subfield code="c">Henryk Dzierbanowicz, Maciej Kapsa, Leon Kukie&#x142;ka, Grzegorz Radomski, Henryk Wierowski.</subfield>
  </datafield>
  <datafield tag="260" ind1=" " ind2=" ">
    <subfield code="a">Bonin : </subfield>
    <subfield code="b">Instytut Ziemniaka, </subfield>
    <subfield code="c">1983.</subfield>
  </datafield>
  <datafield tag="300" ind1=" " ind2=" ">
    <subfield code="a">43 s.</subfield>
  </datafield>
  <datafield tag="500" ind1=" " ind2=" ">
    <subfield code="a">Dane z kartoteki bpp.</subfield>
  </datafield>
  <datafield tag="650" ind1=" " ind2="0">
    <subfield code="a">Ziemniaki - magazynowanie.</subfield>
  </datafield>
  <datafield tag="700" ind1=" " ind2=" ">
    <subfield code="a">KAPSA, Maciej.</subfield>
    <subfield code="d">1976 - 1991.</subfield>
    <subfield code="b">Wy&#x17C;sza Szko&#x142;a In&#x17C;ynierska w Koszalinie - Wydzia&#x142; In&#x17C;ynierii L&#x105;dowej i Sanitarnej,</subfield>
    <subfield code="c">Zak&#x142;ad Budownictwa i Materia&#x142;&#xF3;w Budowlanych</subfield>
  </datafield>
  <datafield tag="700" ind1=" " ind2=" ">
    <subfield code="a">KUKIE&#x141;KA, Leon.</subfield>
    <subfield code="d">1974 - 1996.</subfield>
    <subfield code="b">Wy&#x17C;sza Szko&#x142;a In&#x17C;ynierska w Koszalinie - Wydzia&#x142; Mechaniczny,</subfield>
    <subfield code="c">Zak&#x142;ad Maszyn i Urz&#x105;dze&#x144; Rolniczych</subfield>
  </datafield>
  <datafield tag="700" ind1=" " ind2=" ">
    <subfield code="a">RADOMSKI, Grzegorz.</subfield>
    <subfield code="d">1980 - 1996.</subfield>
    <subfield code="b">Wy&#x17C;sza Szko&#x142;a In&#x17C;ynierska w Koszalinie - Wydzia&#x142; Mechaniczny,</subfield>
    <subfield code="c">Zak&#x142;ad Maszyn Przemys&#x142;u Spo&#x17C;ywczego</subfield>
  </datafield>
  <datafield tag="700" ind1=" " ind2=" ">
    <subfield code="a">WIEROWSKI, Henryk.</subfield>
    <subfield code="d">1968 - 1991.</subfield>
    <subfield code="b">Wy&#x17C;sza Szko&#x142;a In&#x17C;ynierska w Koszalinie - Wydzia&#x142; In&#x17C;ynierii L&#x105;dowej i Sanitarnej,</subfield>
    <subfield code="c">Zak&#x142;ad Budownictwa i Materia&#x142;&#xF3;w Budowlanych</subfield>
  </datafield>
  <datafield tag="942" ind1=" " ind2=" ">
    <subfield code="c">KS</subfield>
    <subfield code="2">UKD</subfield>
  </datafield>
  <datafield tag="999" ind1=" " ind2=" ">
    <subfield code="c">7270</subfield>
    <subfield code="d">7270</subfield>
  </datafield>
</record>
